|
|
|
|
| LEADER |
00000nab a2200000 ar4500 |
| 001 |
vtls009082286 |
| 003 |
SK-MaSNL |
| 005 |
20260303065733.0 |
| 008 |
070724c19760707xo |r|p|||||||000 b|slo |
| 015 |
|
|
|a SNBRB1977
|
| 038 |
|
|
|a SNKBUCL
|
| 040 |
|
|
|a SNKBUCL
|b slo
|c SNKBUCL
|e AACR2
|
| 041 |
|
|
|a slo
|
| 044 |
|
|
|a xo
|c SK
|
| 080 |
|
|
|a 792.077.079
|2 1997
|
| 100 |
1 |
|
|a Kárová, Darina,
|d 1951-
|4 aut
|9 107012
|
| 245 |
1 |
0 |
|a Kontakty a konfrontácie
|c Darina Kárová
|
| 500 |
|
|
|a II. Festival divadelnej mladosti 15.-22.6.1976 - České Budějovice
|
| 611 |
2 |
7 |
|a Festival divadelnej mladosti
|n (2. :
|d 1976 :
|c České Budějovice, Česko)
|2 snkbucl
|9 1040762
|
| 773 |
0 |
|
|t Smena
|g (7.7.1976), s. 6
|
| 852 |
|
|
|a SNK
|b KIS3GCP
|
| 958 |
|
|
|a CZ
|
| 999 |
|
|
|c 1752447
|d 1754377
|